Un decret trilingue en l'honneur de Ptolemee IV /

محفوظ في:

المؤلف الرئيسي: Gauthier, Henri (مؤلف)

مؤلف مشترك: Egypt. Maṣlaḥat al-Āthār.

مؤلفون آخرون: Sottas, Henri, 1886-1927.

التنسيق: كتاب

اللغة: French

منشور في: Le Caire : Impr. de l'Institut français d'archéologie orientale, 1925.

الموضوعات:

الوسوم: إضافة وسم

لا توجد وسوم, كن أول من يضع وسما على هذه التسجيلة!

رقم الطلب: PJ1531 .P9 G25 1925

LEADER 01242namaa2200313 4500
001 7475
003 OSt
005 20200826071717.0
008 130303s1925 ua f e 000 0 fre d
952 |0 0  |1 0  |2 lcc  |4 0  |6 PJ1531 P9 G25 01925  |7 1  |9 5353  |a ARCE  |b ARCE  |d 2020-08-26  |l 0  |o PJ1531 .P9 G25 1925  |p 1032673  |r 2020-08-26 00:00:00  |w 2020-08-26  |y BK 
999 |c 9093  |d 9093 
010 |a 38031726 
040 |c ARCE Library 
050 0 4 |a PJ1531 .P9 G25 1925 
100 1 |a Gauthier, Henri,  |e author 
245 1 3 |a Un decret trilingue en l'honneur de Ptolemee IV /  |c par mm. H. Gauthier et H. Sottas. 
264 1 |a Le Caire :  |b Impr. de l'Institut français d'archéologie orientale,  |c 1925. 
300 |a 2 p.l., [iii]-vii, 79 pages, 2 l :  |b IX plate ;  |c 28 cm. 
336 |a text  |b txt  |2 rdacontent 
337 |a unmediated  |b n  |2 rdamedia 
338 |a volume  |b nc  |2 rdacarrier 
500 |a At head of title : Service des antiquitiés de l'Égypte. 
600 0 0 |a Ptolemy  |b IV Philopator,  |c King of Egypt,  |d approximately 238 B.C.-approximately 205 B.C. 
650 0 |a Inscriptions, Egyptian. 
650 0 |a Inscriptions, Greek  |z Egypt. 
700 1 |a Sottas, Henri,  |d 1886-1927.  |9 40314 
710 1 |a Egypt.  |b Maṣlaḥat al-Āthār. 
901 |a reviewed 
942 |c BK  |2 lcc